Štatisticko-demografický faktor vývoja kvalitatívneho smerovania v oblasti vzdelávania

V príspevku je prezentovaný kvantitatívny vývoj obyvateľstva na Slovensku z demografického hľadiska ako predpoklad vývoja počtu vzdelávajúcich sa obyvateľov, čo môže byť jeden z faktorov kvalitatívneho smerovania v oblasti vzdelávania.

Guardado en:
Detalles Bibliográficos
Autor principal: Čonková, Monika, 1976-
Otros Autores: Liptáková, Erika
Formato: Capítulo de libro
Lenguaje:eslovaco
Materias:
Etiquetas: Agregar Etiqueta
Sin Etiquetas, Sea el primero en etiquetar este registro!

MARC

LEADER 00000nla$a2200000$$$4500
001 0142845
005 20240502072548.2
041 0 |a slo 
044 |a SK 
245 1 0 |a Štatisticko-demografický faktor vývoja kvalitatívneho smerovania v oblasti vzdelávania  |c Monika Čonková, Erika Liptáková 
520 |a V príspevku je prezentovaný kvantitatívny vývoj obyvateľstva na Slovensku z demografického hľadiska ako predpoklad vývoja počtu vzdelávajúcich sa obyvateľov, čo môže byť jeden z faktorov kvalitatívneho smerovania v oblasti vzdelávania. 
610 2 0 |a vývoj populačný 
610 2 0 |a školstvo 
610 2 0 |a kvalita vzdelávania 
610 2 0 |a Slovensko 
100 1 |a Čonková, Monika, 1976- 
700 1 |a Liptáková, Erika